Lập trình điều khiển trên Arduino cho hệ vạn vật kết nối (IoT)

Cuốn sách này được biên soạn theo cấu trúc nhiều bài tập khác nhau để bạn đọc dần làm quen với các ứng dụng cơ bản của Arduino trong IoT.

Đã lưu trong:
Bibliografiske detaljer
Hovedforfatter: Hà Quang Phúc
Andre forfattere: Phạm Quang Huy
Format: Bog
Sprog:Vietnamese
Udgivet: H. Thanh niên 2020
Serier:Tủ sách STK
Fag:
Tags: Tilføj Tag
Ingen Tags, Vær først til at tagge denne postø!
Thư viện lưu trữ: Thư viện Trường Đại học Nam Cần Thơ
LEADER 01075nam a22002177a 4500
001 NCT_143353
008 181017b xxu||||| |||| 00| 0 vie d
999 |c 7381  |d 7381 
020 |a 9786049785801  |c 175000 
082 0 4 |2 23rd ed.  |a 629.89  |b Ph506 
100 1 |a Hà Quang Phúc 
245 1 0 |a Lập trình điều khiển trên Arduino cho hệ vạn vật kết nối (IoT)  |c Hà Quang Phúc, Phạm Quang Huy 
260 |a H.  |b Thanh niên  |c 2020 
300 |a 488 tr.  |b Minh họa  |c 24cm 
490 |a Tủ sách STK 
520 3 |a Cuốn sách này được biên soạn theo cấu trúc nhiều bài tập khác nhau để bạn đọc dần làm quen với các ứng dụng cơ bản của Arduino trong IoT. 
653 |a Công nghệ kỹ thuật ô tô 
700 1 |a Phạm Quang Huy 
942 |2 ddc  |c BK 
952 |0 0  |1 0  |2 ddc  |4 0  |6 629_890000000000000_PH506  |7 0  |9 26536  |a 000001  |b 000001  |d 2022-12-20  |o 629.89 Ph506  |p MD.20939  |r 2022-12-20  |v 175000.00  |w 2022-12-20  |y BK 
980 |a Thư viện Trường Đại học Nam Cần Thơ